[Event "ODJM C 2022"]
[Site "Willingen GER"]
[Date "2022.06.09"]
[Round "7"]
[White "Roth, Jonas"]
[Black "Schöne, Finn"]
[Result "1-0"]
[Termination "normal"]
[Board "1"]
[WhiteElo "1239"]
[BlackElo "1110"]
[WhiteClock "01:27:51"]
[BlackClock "01:04:51"]
[PlyCount "126"]
[WhiteFideId "34623515"]
[BlackFideId "34623493"]
[EventCountry "GER"]
[EventRounds "9"]
[EventType "swiss"]
[EventDate "2022.06.04"]

1. d4 {[%clk 1:30:57]} d5 {[%clk 1:30:55]} 2. c4 {[%clk 1:31:23]} e6 {[%clk
1:31:06]} 3. Nc3 {[%clk 1:31:44]} Nf6 {[%clk 1:31:00]} 4. Bg5 {[%clk 1:32:07]}
Be7 {[%clk 1:30:37]} 5. e3 {[%clk 1:32:25]} a6 {[%clk 1:29:54]} 6. c5 {[%clk
1:29:59]} Nc6 {[%clk 1:29:40]} 7. a3 {[%clk 1:30:10]} b5 {[%clk 1:24:24]} 8.
Bd3 {[%clk 1:28:07]} e5 {[%clk 1:22:13]} 9. Nge2 {[%clk 1:28:07]} e4 {[%clk
1:19:07]} 10. Bc2 {[%clk 1:28:33]} Bd7 {[%clk 1:09:09]} 11. Bxf6 {[%clk
1:27:44]} Bxf6 {[%clk 1:09:29]} 12. Nxd5 {[%clk 1:27:51]} Bf5 {[%clk 1:08:23]}
13. Ndc3 {[%clk 1:27:59]} Qe7 {[%clk 1:07:34]} 14. Ng3 {[%clk 1:28:15]} Bg6
{[%clk 1:07:44]} 15. Ngxe4 {[%clk 1:27:39]} b4 {[%clk 1:07:35]} 16. Nxf6+
{[%clk 1:27:02]} Qxf6 {[%clk 1:07:46]} 17. Nd5 {[%clk 1:26:43]} Qd8 {[%clk
1:06:31]} 18. Nxb4 {[%clk 1:26:57]} Bxc2 19. Qxc2 {[%clk 1:25:44]} Nxb4 {[%clk
1:04:03]} 20. axb4 {[%clk 1:26:05]} Qe7 {[%clk 1:04:28]} 21. Qa4+ {[%clk
1:26:18]} Qd7 {[%clk 1:03:55]} 22. Qxd7+ {[%clk 1:26:37]} Kxd7 {[%clk 1:04:24]}
23. O-O {[%clk 1:26:51]} Kc6 {[%clk 1:04:44]} 24. Ra5 {[%clk 1:27:02]} Rhb8
{[%clk 1:04:47]} 25. Ra4 {[%clk 1:26:58]} Kb5 {[%clk 1:04:29]} 26. b3 {[%clk
1:27:21]} Kc6 {[%clk 1:03:28]} 27. Rfa1 {[%clk 1:27:10]} Kd5 {[%clk 1:03:40]}
28. f3 {[%clk 1:27:19]} f5 {[%clk 1:03:14]} 29. g3 {[%clk 1:27:25]} g5 {[%clk
1:03:28]} 30. Kf2 {[%clk 1:27:16]} g4 {[%clk 1:02:23]} 31. f4 {[%clk 1:26:22]}
Rb7 {[%clk 1:01:13]} 32. Rxa6 {[%clk 1:26:21]} Rxa6 {[%clk 1:01:33]} 33. Rxa6
{[%clk 1:26:46]} Rxb4 {[%clk 1:01:58]} 34. Ra3 {[%clk 1:26:54]} Ke4 {[%clk
1:02:07]} 35. Ke2 {[%clk 1:27:14]} c6 {[%clk 1:02:19]} 36. Kd2 {[%clk 1:26:57]}
Kf3 {[%clk 1:02:17]} 37. Kd3 {[%clk 1:27:20]} Rb7 {[%clk 1:02:33]} 38. Kc4
{[%clk 1:26:54]} Kg2 {[%clk 1:02:29]} 39. Ra2+ {[%clk 1:27:05]} Kf3 {[%clk
1:02:48]} 40. Rb2 {[%clk 1:26:35]} Kxe3 {[%clk 1:02:54]} 41. d5 {[%clk
1:26:02]} cxd5+ {[%clk 1:02:13]} 42. Kxd5 {[%clk 1:26:20]} Rd7+ {[%clk
1:02:30]} 43. Kc6 {[%clk 1:26:35]} Rd4 {[%clk 1:02:44]} 44. b4 {[%clk 1:26:50]}
Kd3 {[%clk 1:02:23]} 45. b5 {[%clk 1:26:55]} Kc3 {[%clk 1:02:38]} 46. Re2
{[%clk 1:26:25]} Re4 {[%clk 1:02:53]} 47. Rf2 {[%clk 1:25:57]} Kc4 {[%clk
1:02:27]} 48. b6 {[%clk 1:26:06]} Re6+ {[%clk 1:02:53]} 49. Kd7 {[%clk
1:26:20]} Re3 {[%clk 1:02:34]} 50. c6 {[%clk 1:26:26]} Kc5 {[%clk 1:02:42]} 51.
b7 {[%clk 1:25:53]} Rd3+ {[%clk 1:01:58]} 52. Kc7 {[%clk 1:26:06]} Rb3 {[%clk
1:02:17]} 53. Rc2+ {[%clk 1:26:21]} Kd4 {[%clk 1:02:28]} 54. b8=Q {[%clk
1:26:35]} Rxb8 {[%clk 1:02:46]} 55. Kxb8 {[%clk 1:26:57]} Kd3 {[%clk 1:03:13]}
56. Ra2 {[%clk 1:26:46]} h5 {[%clk 1:03:23]} 57. c7 {[%clk 1:27:07]} h4 {[%clk
1:03:40]} 58. c8=Q {[%clk 1:27:17]} h3 {[%clk 1:03:58]} 59. Qc2+ {[%clk
1:27:23]} Ke3 {[%clk 1:04:12]} 60. Qd2+ {[%clk 1:27:27]} Ke4 {[%clk 1:04:21]}
61. Ra4+ {[%clk 1:27:15]} Kf3 {[%clk 1:04:27]} 62. Ra3+ {[%clk 1:27:27]} Ke4
{[%clk 1:04:51]} 63. Qd3# {[%clk 1:27:51]} Kd5 1-0

[Event "ODJM C 2022"]
[Site "Willingen GER"]
[Date "2022.06.09"]
[Round "7"]
[White "Klockhaus, Daniel"]
[Black "Löffelholz, Simon"]
[Result "0-1"]
[Termination "normal"]
[Board "9"]
[WhiteElo "1451"]
[BlackElo "1044"]
[PlyCount "60"]
[WhiteFideId "16299132"]
[BlackFideId "34623620"]
[EventCountry "GER"]
[EventRounds "9"]
[EventType "swiss"]
[EventDate "2022.06.04"]

1. e4 e5 2. Nf3 Nc6 3. Bc4 Bc5 4. c3 Nf6 5. d3 d6 6. Bg5 h6 7. Bh4 g5 8. Bg3
Bg4 9. Nbd2 a5 10. Qb3 a4 11. Qxb7 Bd7 12. Bd5 Nxd5 13. exd5 Na5 14. Qxa8 Qxa8
15. b4 Ba7 16. bxa5 Qxd5 17. c4 Qxd3 18. Rb1 Qc3 19. Rb7 Qxa5 20. O-O Bc6 21.
Rb2 Qc3 22. Rfb1 O-O 23. h4 g4 24. Nh2 Qxg3 25. Ndf3 Bxf3 26. Nxf3 gxf3 27. Kf1
Qxg2+ 28. Ke1 Bxf2+ 29. Rxf2 Qg1+ 30. Rf1 Qe3+ 0-1

[Event "ODJM C 2022"]
[Site "Willingen GER"]
[Date "2022.06.09"]
[Round "7"]
[White "Peglau, Lorena"]
[Black "Bücker, Phil"]
[Result "0-1"]
[Termination "normal"]
[Board "10"]
[WhiteElo "1224"]
[BlackElo "933"]
[PlyCount "84"]
[WhiteFideId "16290542"]
[BlackFideId "34623841"]
[EventCountry "GER"]
[EventRounds "9"]
[EventType "swiss"]
[EventDate "2022.06.04"]

1. d4 d5 2. Nf3 e6 3. Bf4 Nf6 4. e3 c5 5. c4 cxd4 6. exd4 Nc6 7. c5 b6 8. Qa4
Bd7 9. Bb5 Na5 10. b4 Nc4 11. Bxd7+ Qxd7 12. Qxd7+ Nxd7 13. Nc3 bxc5 14. Nb5
Kd8 15. Ng5 Ke7 16. dxc5 a6 17. Nc3 Ke8 18. O-O a5 19. Nb5 Rc8 20. a3 h6 21.
Nf3 g5 22. Bg3 f5 23. h4 f4 24. Bh2 e5 25. hxg5 e4 26. Nfd4 hxg5 27. Rfe1 Bg7
28. Ra2 Rb8 29. Nc7+ Kf7 30. b5 Bxd4 31. c6 Nf6 32. Na6 Rxb5 33. c7 Rb6 34. Nb4
axb4 35. axb4 Rxb4 36. Ra6 Rc8 37. Rd1 Bc5 38. Rda1 Rxc7 39. Ra8 Rbb7 40. R1a4
Ra7 41. R4xa7 Rxa7 42. Rc8 Ra1# 0-1

[Event "ODJM C 2022"]
[Site "Willingen GER"]
[Date "2022.06.09"]
[Round "7"]
[White "Menne, Lukas"]
[Black "Gauer, Liam"]
[Result "1/2-1/2"]
[Termination "normal"]
[Board "11"]
[WhiteElo "1150"]
[BlackElo "1028"]
[PlyCount "89"]
[WhiteFideId "16288467"]
[BlackFideId "16235720"]
[EventCountry "GER"]
[EventRounds "9"]
[EventType "swiss"]
[EventDate "2022.06.04"]

1. d4 d5 2. Nf3 Bf5 3. Bf4 e6 4. e3 Bd6 5. Bg3 Bxg3 6. hxg3 Nc6 7. c3 a6 8. Bd3
Bxd3 9. Qxd3 g6 10. Nbd2 Qf6 11. e4 dxe4 12. Nxe4 Qf5 13. Nc5 Qxd3 14. Nxd3 Nf6
15. O-O-O h6 16. Rh2 Ke7 17. Rdh1 Ng4 18. Rh4 h5 19. Nd2 Nf6 20. f3 Rh7 21. g4
Rah8 22. g5 Ne8 23. g4 Kf8 24. Nf4 Ne7 25. gxh5 gxh5 26. Rxh5 Rxh5 27. Rxh5
Rxh5 28. Nxh5 Kg8 29. Ne4 Kh7 30. f4 Kg6 31. Nhg3 Nd5 32. Ne2 Kf5 33. N4g3+ Kg4
34. Ne4 Nxf4 35. Nxf4 Kxf4 36. Nc5 Nd6 37. g6 fxg6 38. Nxe6+ Kf5 39. Nxc7 g5
40. Kd1 Kf4 41. Ne6+ Kf5 42. Nxg5 Kxg5 43. Kd2 Nc4+ 44. Kc2 Kf5 45. Kb3 1/2-1/2

[Event "ODJM C 2022"]
[Site "Willingen GER"]
[Date "2022.06.09"]
[Round "7"]
[White "Pac, Maksym"]
[Black "Braschler, David"]
[Result "1-0"]
[Termination "normal"]
[Board "12"]
[WhiteElo "1033"]
[BlackElo "1046"]
[PlyCount "51"]
[WhiteFideId "34623558"]
[BlackFideId "34623850"]
[EventCountry "GER"]
[EventRounds "9"]
[EventType "swiss"]
[EventDate "2022.06.04"]

1. d4 d5 2. Nc3 Nf6 3. Bf4 a6 4. e3 Bf5 5. f3 Nc6 6. g4 Bg6 7. h4 h6 8. Bd3
Bxd3 9. Qxd3 e6 10. O-O-O Bd6 11. Nge2 Qe7 12. g5 Bxf4 13. gxf6 Bxe3+ 14. Qxe3
Qxf6 15. Nxd5 Qd8 16. Ndc3 O-O 17. d5 exd5 18. Nxd5 Qe8 19. Qxe8 Raxe8 20. Nd4
Nxd4 21. Rxd4 c6 22. Nc3 Re6 23. Re4 Rf6 24. Re7 Rb8 25. Rf1 Rf4 26. Re4 1-0

[Event "ODJM C 2022"]
[Site "Willingen GER"]
[Date "2022.06.09"]
[Round "7"]
[White "Rabus, Johann"]
[Black "Moissl, Felix"]
[Result "0-1"]
[Termination "normal"]
[Board "13"]
[WhiteElo "1079"]
[BlackElo "928"]
[PlyCount "54"]
[WhiteFideId "34602950"]
[BlackFideId "34623574"]
[EventCountry "GER"]
[EventRounds "9"]
[EventType "swiss"]
[EventDate "2022.06.04"]

1. e4 d5 2. d4 dxe4 3. Nc3 Bf5 4. f3 Nf6 5. fxe4 Nxe4 6. Qf3 Nxc3 7. Qxf5 Nd5
8. Nf3 e6 9. Qe4 Nd7 10. c4 Bb4+ 11. Bd2 Bxd2+ 12. Nxd2 N5f6 13. Qxb7 Rb8 14.
Qxa7 Rxb2 15. Nb3 O-O 16. Qa3 Rc2 17. Bd3 Rxg2 18. O-O-O Qa8 19. Qxa8 Rxa8 20.
Bb1 Ra4 21. c5 Rc4+ 22. Bc2 Rcxc2+ 23. Kb1 Rb2+ 24. Ka1 Rxa2+ 25. Kb1 Rgb2+ 26.
Kc1 Rxb3 27. Rhe1 h6 1-0

[Event "ODJM C 2022"]
[Site "Willingen GER"]
[Date "2022.06.09"]
[Round "7"]
[White "Schilay, Vinzenz"]
[Black "Burdett, Sabah"]
[Result "0-1"]
[Termination "normal"]
[Board "14"]
[WhiteElo "1003"]
[BlackElo "1247"]
[PlyCount "44"]
[WhiteFideId "12983209"]
[BlackFideId "16267702"]
[EventCountry "GER"]
[EventRounds "9"]
[EventType "swiss"]
[EventDate "2022.06.04"]

1. e4 e5 2. Nf3 Nc6 3. Nc3 Nf6 4. Be2 Bc5 5. d4 exd4 6. Nb5 a6 7. Nbxd4 Nxd4 8.
Nxd4 Nxe4 9. Be3 d6 10. Qd3 Qe7 11. f3 Qh4+ 12. Kd1 Nf2+ 13. Bxf2 Qxf2 14. Qe4+
Kd8 15. c3 Re8 16. Qd3 Bd7 17. a4 Qxg2 18. Kc2 Bxa4+ 19. Kd2 g6 20. Rhe1 Qg5+
21. f4 Qxf4+ 22. Qe3 Qxe3# 0-1

[Event "ODJM C 2022"]
[Site "Willingen GER"]
[Date "2022.06.09"]
[Round "7"]
[White "Schwedhelm, Dennis"]
[Black "Classen, Miguel"]
[Result "1-0"]
[Termination "normal"]
[Board "15"]
[WhiteElo "1154"]
[BlackElo "881"]
[PlyCount "143"]
[WhiteFideId "16228995"]
[BlackFideId "34623825"]
[EventCountry "GER"]
[EventRounds "9"]
[EventType "swiss"]
[EventDate "2022.06.04"]

1. d4 d5 2. c4 e6 3. Nf3 c6 4. e3 Nf6 5. a3 Nbd7 6. Nc3 Bd6 7. c5 Bc7 8. Bd3
O-O 9. O-O e5 10. dxe5 Nxe5 11. Nxe5 Bxe5 12. Qc2 d4 13. f4 Bc7 14. Ne2 dxe3
15. Bxe3 h6 16. Rad1 Qe7 17. Bd4 Be6 18. f5 Bd5 19. Nf4 Bxf4 20. Rxf4 a5 21.
Rff1 a4 22. Rde1 Qd8 23. Be5 b6 24. cxb6 Qxb6+ 25. Kh1 c5 26. Qc3 Qc6 27. Rf2
Qb6 28. Bxf6 gxf6 29. Rf4 Qa5 30. Rg4+ Kh7 31. Rc1 Rfe8 32. h3 Qxc3 33. Rxc3
Re3 34. Bc4 Rxc3 35. bxc3 Bxc4 36. Rxc4 Ra5 37. Kh2 h5 38. h4 Kg7 39. Kg3 Kf8
40. Kf4 Ke7 41. g4 hxg4 42. Kxg4 Kf8 43. Kf4 Kg7 44. Ke4 Kh6 45. Kd5 Kh5 46.
Kc6 Ra8 47. Kxc5 Rc8+ 48. Kd5 Rxc4 49. Kxc4 Kxh4 50. Kd4 Kg5 51. Ke4 Kh6 52. c4
Kg7 53. Kd5 Kf8 54. Kd6 Ke8 55. Kc7 Ke7 56. c5 Ke8 57. Kb7 Kf8 58. c6 Kg8 59.
c7 Kf8 60. c8=Q+ Kg7 61. Qc6 Kf8 62. Qxa4 Kg7 63. Qe8 Kh7 64. Qxf7+ Kh8 65.
Qxf6+ Kh7 66. Qg6+ Kh8 67. Qg5 Kh7 68. Kc7 Kh8 69. Kd7 Kh7 70. Ke7 Kh8 71. Kf7
Kh7 72. Qg7# 1-0

[Event "ODJM C 2022"]
[Site "Willingen GER"]
[Date "2022.06.09"]
[Round "7"]
[White "Aguike, Chidera"]
[Black "Stepanjan, Tatevik Mia"]
[Result "1-0"]
[Termination "normal"]
[Board "16"]
[WhiteElo "1266"]
[BlackElo "1057"]
[PlyCount "87"]
[WhiteFideId "34611339"]
[BlackFideId "16246128"]
[EventCountry "GER"]
[EventRounds "9"]
[EventType "swiss"]
[EventDate "2022.06.04"]

1. e4 c5 2. Nf3 Nc6 3. Bc4 e6 4. Nc3 Nf6 5. d4 cxd4 6. Nxd4 Bb4 7. f3 O-O 8.
Bg5 e5 9. Nb3 h6 10. Bh4 b6 11. Qd3 d6 12. O-O-O Bxc3 13. bxc3 Bb7 14. Qxd6
Qxd6 15. Rxd6 Rfd8 16. Rhd1 Rxd6 17. Rxd6 Ne8 18. Rd7 g5 19. Bg3 Bc8 20. Rxf7
Kh8 21. Bd5 Nd6 22. Rc7 Bb7 23. Bxc6 Bxc6 24. Rxc6 Nf7 25. Rc7 Rf8 26. Rxa7 h5
27. Re7 h4 28. Bxe5+ Nxe5 29. Rxe5 Rg8 30. Re6 Rb8 31. Rg6 Rg8 32. Rxg8+ Kxg8
33. g3 hxg3 34. hxg3 Kf7 35. f4 gxf4 36. gxf4 Ke6 37. Kd2 b5 38. Kd3 Kf6 39.
Kd4 Ke6 40. Kc5 b4 41. cxb4 Ke7 42. Kc6 Ke8 43. Kc7 Ke7 44. b5 1-0

[Event "ODJM C 2022"]
[Site "Willingen GER"]
[Date "2022.06.09"]
[Round "7"]
[White "Weidenhöfer, Ben"]
[Black "Hasselmann, Isabelle Sophia"]
[Result "0-1"]
[Termination "normal"]
[Board "17"]
[WhiteElo "1044"]
[BlackElo "1270"]
[PlyCount "113"]
[WhiteFideId "16273702"]
[BlackFideId "16266951"]
[EventCountry "GER"]
[EventRounds "9"]
[EventType "swiss"]
[EventDate "2022.06.04"]

1. d4 d5 2. e3 Nf6 3. Bd3 c5 4. c3 Nc6 5. f4 Bg4 6. Nf3 e6 7. Nbd2 Be7 8. h3
Bh5 9. O-O O-O 10. Be2 Bg6 11. Ne5 Nxe5 12. fxe5 Ne4 13. Nxe4 Bxe4 14. Bd3 Bxd3
15. Qxd3 c4 16. Qe2 f6 17. Qg4 f5 18. Qh5 Qd7 19. Bd2 b5 20. Be1 Qe8 21. Qe2
Qg6 22. Rf3 Qh5 23. Rf2 Qxe2 24. Rxe2 a5 25. a3 Rfb8 26. Rf2 Bh4 27. Rf4 Bxe1
28. Rxe1 b4 29. cxb4 axb4 30. axb4 Rxb4 31. Rf2 Ra2 32. Ree2 g5 33. b3 Rxe2 34.
Rxe2 Rxb3 35. Rc2 Rxe3 36. Kf1 h6 37. Ra2 Rb3 38. Ra8+ Kf7 39. Ra7+ Ke8 40.
Ra8+ Kd7 41. Rh8 Rd3 42. Rxh6 c3 43. Ke2 Rxd4 44. Ke3 c2 45. Kxd4 c1=Q 46. Rh7+
Kc6 47. Kd3 Qb1+ 48. Kc3 Qa1+ 49. Kb4 d4 50. Rh8 Qc3+ 51. Ka4 Kb7 52. Rh7+ Kb6
53. Rh6 Qc4+ 54. Ka3 d3 55. Rh8 Qc5+ 56. Ka4 Qxe5 57. Rb8+ 0-1

[Event "ODJM C 2022"]
[Site "Willingen GER"]
[Date "2022.06.09"]
[Round "7"]
[White "Hildebrand, Azat"]
[Black "Hellmann, Alexander"]
[Result "0-1"]
[Termination "normal"]
[Board "18"]
[WhiteElo "1190"]
[BlackElo "949"]
[PlyCount "154"]
[WhiteFideId "34607536"]
[BlackFideId "34612050"]
[EventCountry "GER"]
[EventRounds "9"]
[EventType "swiss"]
[EventDate "2022.06.04"]

1. d4 Nf6 2. Nf3 d5 3. e3 e6 4. Bd3 Bd6 5. Nbd2 Bd7 6. Qe2 c6 7. O-O O-O 8. e4
Bf4 9. e5 Ng4 10. h3 Nh6 11. c3 f5 12. Re1 Be8 13. Nf1 Bxc1 14. Raxc1 g5 15.
N3h2 Kh8 16. Qd2 Bh5 17. h4 Rg8 18. c4 Rg6 19. f3 g4 20. fxg4 Bxg4 21. Nxg4
Nxg4 22. g3 dxc4 23. Bxc4 b5 24. Be2 Qd5 25. b3 Qe4 26. Bxb5 Qd5 27. Be2 Qe4
28. Ba6 Qf3 29. Bb7 f4 30. Rc3 Ne3 31. Qf2 Qg4 32. Rexe3 fxe3 33. Qf8+ Rg8 34.
Qf6+ Rg7 35. Rxe3 Nd7 36. Qf3 Rf8 37. Qxg4 Rxg4 38. Bxc6 Rxd4 39. Bxd7 Rxd7 40.
Re1 Kg7 41. Kg2 h5 42. a4 Kg6 43. Rc1 Rd5 44. Re1 Rc8 45. Re3 Rc2+ 46. Kh3 Kf5
47. Re1 Rxe5 48. Ne3+ Rxe3 49. Rxe3 Rb2 50. g4+ hxg4+ 51. Kg3 e5 52. h5 Rd2 53.
Rc3 Rd8 54. b4 e4 55. Rc5+ Ke6 56. Rc4 Rd3+ 57. Kxg4 e3 58. Re4+ Kd5 59. Kf3
e2+ 60. Kf4 Rd4 61. Rxd4+ Kxd4 62. h6 e1=Q 63. Kg5 Qe5+ 64. Kg6 Qg3+ 65. Kf7
Qc7+ 66. Kg8 Kc4 67. h7 Qxh7+ 68. Kxh7 Kxb4 69. Kg6 Kxa4 70. Kf5 Kb4 71. Ke4 a5
72. Kd3 Kb3 73. Kd2 Kb2 74. Kd3 a4 75. Kc4 a3 76. Kd4 a2 77. Ke4 a1=Q 0-1

[Event "ODJM C 2022"]
[Site "Willingen GER"]
[Date "2022.06.09"]
[Round "7"]
[White "Moissl, Julian"]
[Black "Zheng, Yanchen"]
[Result "0-1"]
[Termination "normal"]
[Board "19"]
[WhiteElo "1146"]
[BlackElo "1111"]
[PlyCount "74"]
[WhiteFideId "16295129"]
[BlackFideId "34622268"]
[EventCountry "GER"]
[EventRounds "9"]
[EventType "swiss"]
[EventDate "2022.06.04"]

1. d4 d5 2. c4 e6 3. Nc3 Nf6 4. Bg5 Nbd7 5. Nf3 c6 6. e3 Be7 7. Bd3 O-O 8. O-O
h6 9. Bh4 dxc4 10. Bxc4 b5 11. Bd3 Bb7 12. Qc2 a6 13. Rfe1 Rc8 14. Rad1 c5 15.
Qd2 Nd5 16. Bxe7 Qxe7 17. Ne2 e5 18. e4 N5b6 19. d5 Rc7 20. Bxb5 Qd6 21. Bd3 c4
22. Bb1 Rc5 23. Qc2 Nf6 24. Rc1 a5 25. Nc3 Bc8 26. Na4 Nxa4 27. Qxa4 Bd7 28.
Qa3 Qb6 29. Nxe5 Rfc8 30. Nxd7 Nxd7 31. Rc3 Ne5 32. Rec1 R5c7 33. Qa4 Nd3 34.
Bxd3 cxd3 35. Rxc7 Rxc7 36. Rxc7 Qxc7 37. Qd1 Qc2 0-1

[Event "ODJM C 2022"]
[Site "Willingen GER"]
[Date "2022.06.09"]
[Round "7"]
[White "Seelinger, Elina"]
[Black "Rabe, Elina"]
[Result "1-0"]
[Termination "normal"]
[Board "20"]
[WhiteElo "1022"]
[BlackElo "764"]
[PlyCount "75"]
[WhiteFideId "34623485"]
[BlackFideId "34623531"]
[EventCountry "GER"]
[EventRounds "9"]
[EventType "swiss"]
[EventDate "2022.06.04"]

1. e4 e5 2. Nf3 Nc6 3. Bc4 Bc5 4. c3 Nf6 5. d3 O-O 6. O-O h6 7. h3 d6 8. a4 a6
9. Re1 d5 10. exd5 Nxd5 11. Nxe5 Be6 12. Nxc6 bxc6 13. d4 Bd6 14. Nd2 Qg5 15.
Qf3 Bf4 16. Ne4 Qf5 17. Bxf4 Nxf4 18. Bxe6 fxe6 19. Qg4 Nd3 20. Re2 Qxg4 21.
hxg4 Rf7 22. g3 Raf8 23. Rd1 Nf4 24. gxf4 Rxf4 25. Ng3 Rxg4 26. Rxe6 Rf6 27.
Rxf6 gxf6 28. Kh2 Kg7 29. f3 Rh4+ 30. Kg2 Kg6 31. Rh1 Rxh1 32. Kxh1 h5 33. b4
h4 34. Ne4 Kh5 35. Nxf6+ Kg5 36. Ne8 Kf4 37. Nxc7 Kxf3 38. Nxa6 1-0

[Event "ODJM C 2022"]
[Site "Willingen GER"]
[Date "2022.06.09"]
[Round "7"]
[White "Fize, Aleksandrs"]
[Black "Yan, Haichen"]
[Result "0-1"]
[Termination "normal"]
[Board "22"]
[WhiteElo "933"]
[BlackElo "1188"]
[PlyCount "51"]
[WhiteFideId "34623779"]
[BlackFideId "34607951"]
[EventCountry "GER"]
[EventRounds "9"]
[EventType "swiss"]
[EventDate "2022.06.04"]

1. d4 d5 2. Nc3 e6 3. Bf4 a6 4. e3 Nf6 5. Nf3 c5 6. Ne5 Nc6 7. dxc5 Nxe5 8.
Bxe5 Bxc5 9. Na4 Qa5+ 10. c3 Bd7 11. b4 Bxb4 12. cxb4 Qxa4 13. Qd4 Rg8 14. Bd3
Bb5 15. O-O Bxd3 16. Qxd3 Qxb4 17. Rab1 Qe7 18. Rfd1 b5 19. Bxf6 Qxf6 20. e4
Rd8 21. Qc2 Qe7 22. Qc6+ Qd7 23. Qxa6 Ke7 24. Rxb5 Ra8 25. Qb6 Rad8 (25... Rgd8
26. Rc1 Rxa2 27. h3 Kf8 28. Rc7 Ra1+ 29. Kh2 Qe8 30. Qc5+ Kg8 31. Re7 Qf8 32.
Rd7 Rxd7 33. Qxf8+ Kxf8 34. exd5 Rxd5 35. Rxd5 exd5) 26. Rc1 0-1

[Event "ODJM C 2022"]
[Site "Willingen GER"]
[Date "2022.06.09"]
[Round "7"]
[White "Wolf, Adam"]
[Black "Eitel, Luc"]
[Result "1/2-1/2"]
[Termination "normal"]
[Board "23"]
[WhiteElo "926"]
[BlackElo "1220"]
[PlyCount "145"]
[WhiteFideId "34623426"]
[BlackFideId "16299728"]
[EventCountry "GER"]
[EventRounds "9"]
[EventType "swiss"]
[EventDate "2022.06.04"]

1. e4 c5 2. d4 cxd4 3. c3 dxc3 4. Nxc3 Nc6 5. Bc4 a6 6. Qb3 e6 7. Nf3 Qc7 8.
O-O Na5 9. Qc2 Nxc4 10. Ne2 Bd6 11. Bg5 Na5 12. Qa4 Nc6 13. Rac1 b5 14. Qb3 h6
15. Bh4 e5 16. Rfd1 Be7 17. Bg3 d6 18. Qc2 Bb7 19. a4 bxa4 20. Qxa4 Qd7 21. Qb3
Rc8 22. Bxe5 Nxe5 23. Nxe5 Qe6 24. Qxb7 Rxc1 25. Rxc1 dxe5 26. Rc8+ Bd8 27. Qb8
Qd7 28. h3 Ne7 29. Rc1 Qd2 30. Kf1 O-O 31. Qxe5 Ng6 32. Qc3 Qxc3 33. Rxc3 Bf6
34. Ra3 Ra8 35. Ra2 Ne5 36. b4 Rb8 37. Rxa6 Rxb4 38. Nc3 Rb8 39. Nd5 Bd8 40.
Ke2 g6 41. f4 Rb2+ 42. Kf1 Rb1+ 43. Ke2 Nd7 44. Rd6 Rb7 45. g4 Kg7 46. h4 Bxh4
47. Kd1 Nf6 48. Nxf6 Bxf6 49. e5 Be7 50. Rd4 h5 51. f5 gxf5 52. gxf5 f6 53.
exf6+ Kxf6 54. Rh4 Kg5 55. Rh1 Rb4 56. Rf1 h4 57. Ke2 Bf6 58. Rf3 Rg4 59. Kf2
Bd4+ 60. Kf1 Rg1+ 61. Ke2 Kg4 62. Rd3 Rg2+ 63. Kf1 Rg1+ 64. Ke2 Bf6 65. Kf2 Rg3
66. Rd1 Rf3+ 67. Kg2 h3+ 68. Kh2 Be5+ 69. Kh1 Rg3 70. Rg1 Kxf5 71. Rxg3 Bxg3
72. Kg1 Kg4 73. Kh1 1/2-1/2

[Event "ODJM C 2022"]
[Site "Willingen GER"]
[Date "2022.06.09"]
[Round "7"]
[White "Steinkamp, Matthis"]
[Black "Wagner, Valentin Thien-Phú"]
[Result "1-0"]
[Termination "normal"]
[Board "24"]
[WhiteElo "942"]
[BlackElo "1043"]
[PlyCount "75"]
[WhiteFideId "16287622"]
[BlackFideId "34603492"]
[EventCountry "GER"]
[EventRounds "9"]
[EventType "swiss"]
[EventDate "2022.06.04"]

1. d4 d5 2. Nc3 Nf6 3. Bf4 Nc6 4. e3 Bf5 5. f3 e6 6. g4 Bg6 7. h4 h6 8. h5 Bh7
9. Bd3 g6 10. hxg6 Bxg6 11. Nge2 Bd6 12. Bxg6 fxg6 13. Qd2 g5 14. Bxg5 Bf8 15.
Bf4 Qe7 16. O-O-O e5 17. dxe5 Nxe5 18. Bxe5 Qxe5 19. Nf4 Bc5 20. Nfxd5 O-O-O
21. e4 Nxd5 22. Nxd5 c6 23. Rh5 Qe6 24. Qa5 b6 25. Qxa7 cxd5 26. Rhxd5 Rxd5 27.
Qa8+ Kc7 28. Qxd5 Qxd5 29. Rxd5 Be3+ 30. Kd1 Rd8 31. Rxd8 Kxd8 32. Ke2 Bd4 33.
f4 Bxb2 34. g5 hxg5 35. fxg5 Bc1 36. g6 Bb2 37. Kd3 Kc7 38. c3 1-0

[Event "ODJM C 2022"]
[Site "Willingen GER"]
[Date "2022.06.09"]
[Round "7"]
[White "Lola, Ioanna-Maria"]
[Black "Kulgemeyer, Justus"]
[Result "1-0"]
[Termination "normal"]
[Board "26"]
[WhiteElo "842"]
[BlackElo "797"]
[PlyCount "63"]
[WhiteFideId "34620397"]
[BlackFideId "34623671"]
[EventCountry "GER"]
[EventRounds "9"]
[EventType "swiss"]
[EventDate "2022.06.04"]

1. d4 d5 2. Nf3 Nf6 3. Bf4 Bf5 4. e3 e6 5. Bd3 Bxd3 6. Qxd3 Bd6 7. Qb5+ Nc6 8.
Qxb7 Ne7 9. Qb5+ Nd7 10. Qd3 O-O 11. O-O c5 12. Bxd6 cxd4 13. Ng5 g6 14. exd4
Re8 15. Ba3 Nf5 16. Nf3 Nh4 17. Nbd2 Nxf3+ 18. Nxf3 Nf6 19. Rac1 Ng4 20. c4
dxc4 21. Qxc4 Rc8 22. Qa4 Rxc1 23. Rxc1 a5 24. Rc5 Re7 25. Qxa5 Qxa5 26. Rxa5
Rc7 27. Rc5 Rd7 28. b4 e5 29. g3 exd4 30. Bb2 d3 31. Rc8+ Rd8 32. Rxd8# 1-0